Vybrané aspekty financovania zdravotníctva z verejných zdrojov

Financovanie zdravotníctva a zdravotnej starostlivosti, získavanie a kumulovanie finančných zdrojov. Zložitý trhový mechanizmus, v ktorom vystupujú viaceré subjekty počnúc poskytovateľmi zdravotnej starostlivosti - na strane ponuky až po subjekty, ktoré túto starostlivosť získavajú - na strane dopyt...

ver descrição completa

Na minha lista:
Detalhes bibliográficos
Autor principal: Foltínová, Alžbeta
Formato: Capítulo de Livro
Idioma:eslovaco
Assuntos:
Tags: Adicionar Tag
Sem tags, seja o primeiro a adicionar uma tag!

MARC

LEADER 00000nla a2200000 4500
001 0191219
005 20240522124700.8
041 0 |a slo 
044 |a SK 
245 1 0 |a Vybrané aspekty financovania zdravotníctva z verejných zdrojov  |c Alžbeta Foltínová 
520 |a Financovanie zdravotníctva a zdravotnej starostlivosti, získavanie a kumulovanie finančných zdrojov. Zložitý trhový mechanizmus, v ktorom vystupujú viaceré subjekty počnúc poskytovateľmi zdravotnej starostlivosti - na strane ponuky až po subjekty, ktoré túto starostlivosť získavajú - na strane dopytu. 
610 2 0 |a zdravotníctvo verejné 
610 2 0 |a financovanie 
610 2 0 |a politika zdravotná 
610 2 0 |a služby zdravotnícke 
610 2 0 |a starostlivosť zdravotná 
610 2 0 |a kontroling finančný 
100 1 |a Foltínová, Alžbeta